000 00591nam a22001937a 4500
999 _c11205
_d11205
003 AR-CdUCM
008 190403b ||||| |||| 00| 0 spa d
040 _aMUNICIPALIDAD PROVINCIAL DEL CUSCO
_cBIBLIOTECA MUNICIPAL DEL CUSCO
082 _a869.44 /
_bB32
100 _aBedregal, Yolanda
_915364
245 _aAntología mínima /
260 _aLa Paz :
_bEl siglo,
300 _a28 páginas ;
_c21 cm.
505 _aEl mar y la ceniza -- Alegato envidioso -- Alegato inútil...
650 _aPoesía.
_9139
650 _aPoesía boliviana.
_92577
942 _2ddc
_cLIBROS
945 _awfj